Normal view
MARC view
- ACOUSTRICAL ENGINEERING VIBRATION NOISE CONTROL
Entry Topical Term
001 - CONTROL NUMBER
- control field: 74703
003 - CONTROL NUMBER IDENTIFIER
- control field: NUST
005 - DATE AND TIME OF LATEST TRANSACTION
- control field: 20210628205255.0
008 - FIXED-LENGTH DATA ELEMENTS
- fixed length control field: 210628|| aca||aabn | a|a d
040 ## - CATALOGING SOURCE
- Original cataloging agency: NUST
- Transcribing agency: NUST
150 ## - HEADING--TOPICAL TERM
- Topical term or geographic name entry element: ACOUSTRICAL ENGINEERING VIBRATION NOISE CONTROL
670 ## - SOURCE DATA FOUND
- Source citation: Work cat.: (NUST): REYNOLDS, D.D 74702, ENGINEERING PRINCIPLES OF ACOUSTICS NOISE AND VIBRATION CONTROL, 1981
